000 00351nam a22001457a 4500
003 SGT
020 _a9789384052379
082 _a410,SYA
100 _aSYAL, PUBLISHARS
245 _aAN INTRODUCTION TO LIGUISTICS, LANGUAGE, GRAMMAR AND SEMANTICS
260 _aNEW DELHI
_bPHI LEARNIG
300 _a175
650 _a LIGUISTICS
942 _2ddc
_cBK
999 _c22014
_d22014